[Event "Brasschaat op 17th"]
[Site "Brasschaat"]
[Date "2017.08.19"]
[Round "1"]
[White "Berghs, Hilde"]
[Black "Du Pont, David"]
[Result "0-1"]
[WhiteElo "1640"]
[BlackElo "2074"]
[PlyCount "62"]
[EventDate "2017.08.19"]
[EventType "swiss"]
[EventRounds "9"]
[EventCountry "BEL"]
[SourceTitle "CBM 180 Extra"]
[Source "ChessBase"]
[SourceDate "2017.10.06"]
[SourceVersion "1"]
[SourceVersionDate "2017.10.06"]
[SourceQuality "1"]

1. c4 e5 2. Nc3 Nf6 3. Nf3 d6 4. d4 Nbd7 5. e4 c6 6. Be2 Be7 7. 0-0 0-0 8. Qc2 a6 9. d5 cxd5 10. cxd5 b5 11. Be3 Nb6 12. b3 Bd7 13. Rfc1 Qb8 14. Nd2 Ng4 15. Bxg4 Bxg4 16. f3 Bd7 17. Qd1 b4 18. Ne2 Bb5 19. Nc4 Bd8 20. Rc2 Nxc4 21. bxc4 Ba4 22. Rac1 Bb6 23. Qd2 Bxc2 24. Rxc2 Bxe3+ 25. Qxe3 Qa7 26. Qxa7 Rxa7 27. c5 dxc5 28. Rxc5 Raa8 29. Nc1 Rfc8 30. Rc6 Rxc6 31. dxc6 Rc8 0-1